| 000 -ლიდერი |
| ფიქსირებული სიგრძის საკონტროლო ველი |
00861nam a2200217Ia 4500 |
| 001 - საკონტროლო ნომერი |
| საკონტროლო ველი |
10187 |
| 003 - საკონტროლო ნომრის იდენტიფიკატორი |
| საკონტროლო ველი |
GE_BSU |
| 005 - ბოლო ოპერაციის თარიღი და დრო |
| საკონტროლო ველი |
20250502105248.0 |
| 008 - ფიქსირებული სიგრძის მონაცემთა ელემენტები - ზოგადი ინფორმაცია |
| ფიქსირებული სიგრძის საკონტროლო ველი |
181216s1956||||ge |||||||||||||| ||geo|| |
| 040 ## - კატალოგიზაციის წყარო |
| Transcribing agency |
GE_BSU |
| 041 ## - ენის კოდი |
| Language code of text/sound track or separate title |
geo |
| 080 ## - უნივერსალური ათობითი კლასიფიკაციის ინდექსი |
| Universal Decimal Classification number |
821.353.1-31 რ–94 |
| 100 ## - მთავარი ჩანაწერი - პიროვნების სახელი |
| Personal name |
რუსიძე, კაპიტონ |
| 9 (RLIN) |
7621 |
| 245 ## - ცნობა სათაურის შესახებ |
| Title |
მოუსვენარი ადამიანები : |
| Remainder of title |
რომანი / |
| Statement of responsibility, etc |
კაპიტონ რუსიძე; რედ: ა.შონია; მხატვ: ალ.მესხი. |
| 264 ## - წარმოების, გამოცემის, დისტრიბუციის და სხვა ცნობები |
| გამოცემის, წარმოების, დისტრიბუციის... ადგილი |
ბათუმი : |
| გამოცემის, წარმოების, დისტრიბუციის... სახელწოდება |
სახელგამი, |
| გამოცემის, წარმოების, დისტრიბუციის... თარიღი |
1956. |
| 300 ## - ფიზიკური აღწერა |
| Extent |
323 გვ.; |
| Other physical details |
20 სმ. |
| 653 ## - INDEX TERM--UNCONTROLLED |
| Uncontrolled term |
რომანი |
| 700 ## - ADDED ENTRY--PERSONAL NAME |
| Personal name |
შონია, ა. |
| Relator term |
რედაქტორი |
| 9 (RLIN) |
2035 |
| 700 ## - ADDED ENTRY--PERSONAL NAME |
| Personal name |
მესხი, ალ. |
| Relator term |
მხატვარი |
| 9 (RLIN) |
24987 |
| 942 ## - ADDED ENTRY ELEMENTS (KOHA) |
| Koha item type |
წიგნი |
| Source of classification or shelving scheme |
|